Statistics for Every Sam Fender song

Click here to take the quiz!

General Stats

  • This quiz has been taken 72 times
    (71 since last reset)
  • The average score is 31 of 44

Answer Stats

HintAnswer% Correct
Hypersonic MissilesHypersonic Missiles
100%
Seventeen Going Under (Deluxe)Seventeen Going Under
98%
Hypersonic MissilesPlay God
90%
Seventeen Going Under (Deluxe)Spit Of You
90%
Hypersonic MissilesWhite Privilege
90%
Hypersonic MissilesDead Boys
88%
Seventeen Going Under (Deluxe)Getting Started
88%
Hypersonic MissilesSaturday
86%
Hypersonic MissilesThe Borders
86%
Hypersonic MissilesWill We Talk?
83%
SinglesPoundshop Kardashians
81%
Seventeen Going Under (Deluxe)Angel In Lothian
79%
Seventeen Going Under (Deluxe)The Dying Light
79%
Hypersonic MissilesUse (live)
79%
Seventeen Going Under (Deluxe)Aye
76%
Seventeen Going Under (Deluxe)Get You Down
76%
Seventeen Going Under (Deluxe)Pretending That You're Dead
76%
Hypersonic MissilesThat Sound
76%
Hypersonic MissilesTwo People
76%
Hypersonic MissilesCall Me Lover
74%
Seventeen Going Under (Deluxe)Last To Make It Home
74%
Seventeen Going Under (Deluxe)Mantra
74%
Seventeen Going Under (Deluxe)Paradigms
74%
Seventeen Going Under (Deluxe)Poltergeists
74%
Hypersonic MissilesLeave Fast
71%
SinglesGreasy Spoon
69%
Hypersonic MissilesYou're Not The Only One
69%
SinglesAll Is On My Side
67%
Seventeen Going Under (Deluxe)Long Way Off
64%
Seventeen Going Under (Deluxe)The Leveller
64%
singlesspice
62%
Seventeen Going Under (Deluxe)Alright
60%
Seventeen Going Under (Deluxe)Good Company
60%
SinglesWild Grey Ocean
60%
SinglesFriday Fighting
57%
SinglesHold Out
57%
SinglesHowdon Aldi Death Queue
57%
Seventeen Going Under (Deluxe)Better Of Me
52%
SinglesMillennial
52%
SinglesStart Again
48%
SinglesWinter Song
48%
SinglesThe Kitchen (live)
40%
SinglesLittle Bull Of Blithe
36%
SinglesSad But True
33%

Score Distribution

Percentile by Number Answered

Percent of People with Each Score

Your Score History

You have not taken this quiz since the last reset